| 000 | 00774nam a22002177a 4500 | ||
|---|---|---|---|
| 003 | UA-OsUOA | ||
| 001 | 85657 | ||
| 007 | ta | ||
| 008 | 20120709b un ||||| |||| 00| 0 ukr d | ||
| 090 |
_a070:331.1 _bТ78 |
||
| 942 | _cBK | ||
| 040 |
_aUA-OsUOA _bukr _cUA-OsUOA _dUA-OsUOA |
||
| 245 |
_aТрудові права журналістів та працівників ЗМІ _bпрофспілковий посібник для тих, хто хоче працювати у кращих умовах _cГузь С.І., Ворон І.А. |
||
| 300 | _a170 с. | ||
| 955 | _a2 | ||
| 041 | _aukr | ||
| 080 | _a070:331.1 | ||
| 260 |
_aК. _bСПД Цимбаленко Є.С. _c2007 |
||
| 650 | 7 |
_a070 Газети. Преса. Журналістика _2UDC |
|
| 999 |
_c371962 _d371962 |
||